Multi-unit residential buildings (Record no. 115519)

MARC details
000 -LEADER
fixed length control field 01258cam a22002535a 4500
001 - CONTROL NUMBER
control field L158819
008 - FIXED-LENGTH DATA ELEMENTS--GENERAL INFORMATION
fixed length control field 150730s2010 xxk f 000 0 eng d
020 ## - INTERNATIONAL STANDARD BOOK NUMBER
International Standard Book Number 9780977858743
035 ## - SYSTEM CONTROL NUMBER
System control number (Sirsi) u158819
041 0# - LANGUAGE CODE
Language code of text/sound track or separate title eng
050 04 - LIBRARY OF CONGRESS CALL NUMBER
Classification number F692.3
110 2# - MAIN ENTRY--CORPORATE NAME
Corporate name or jurisdiction name as entry element Building Owners and Managers Association International
9 (RLIN) 6157
245 00 - TITLE STATEMENT
Title Multi-unit residential buildings
Remainder of title Standard methods of measurement
260 ## - PUBLICATION, DISTRIBUTION, ETC.
Place of publication, distribution, etc. Washington DC
Name of publisher, distributor, etc. BOMA
Date of publication, distribution, etc. 2010
300 ## - PHYSICAL DESCRIPTION
Extent iv, 33p ; 27cm
520 ## - SUMMARY, ETC.
Summary, etc. This standard is intended for measurement of floor areas in new and existing multi-unit residential buildings containing 4 or more living units including not only rental apartments but also residential condominiums, cooperatives and other types of common interest communities where required or permitted by their declarations and/or local statutes. Uses two measurement methods: the gross method which measures unit gross area and the net method which measures unit net area to the inside finished surface enclosing walls of a unit.
590 ## - LOCAL NOTE (RLIN)
Local note KA
650 24 - SUBJECT ADDED ENTRY--TOPICAL TERM
Topical term or geographic name entry element STANDARDS METHODS OF MEASUREMENT
650 24 - SUBJECT ADDED ENTRY--TOPICAL TERM
Topical term or geographic name entry element MULTI-UNIT RESIDENTIAL BUILDINGS
651 #4 - SUBJECT ADDED ENTRY--GEOGRAPHIC NAME
Geographic name United States
690 ## - LOCAL SUBJECT ADDED ENTRY--TOPICAL TERM (OCLC, RLIN)
Topical term or geographic name as entry element Measurement
9 (RLIN) 6256
690 ## - LOCAL SUBJECT ADDED ENTRY--TOPICAL TERM (OCLC, RLIN)
Topical term or geographic name as entry element Residential property
9 (RLIN) 6266
942 ## - ADDED ENTRY ELEMENTS (KOHA)
Suppress in OPAC 0
Holdings
Withdrawn status Lost status Source of classification or shelving scheme Damaged status Not for loan Home library Current library Shelving location Date acquired Total Checkouts Full call number Barcode Date last seen Copy number Price effective from Koha item type
    Dewey Decimal Classification     London London Folio 30/07/2015   F692.3 BOM 30078974 06/08/2019 1 06/08/2019 Book